| 000 -LEADER |
| fixed length control field |
01169nam a2200241Ia 4500 |
| 003 - CONTROL NUMBER IDENTIFIER |
| control field |
OSt |
| 005 - DATE AND TIME OF LATEST TRANSACTION |
| control field |
20241001135610.0 |
| 007 - PHYSICAL DESCRIPTION FIXED FIELD--GENERAL INFORMATION |
| fixed length control field |
ca aa aaaaa |
| 008 - FIXED-LENGTH DATA ELEMENTS--GENERAL INFORMATION |
| fixed length control field |
201103s9999 xx 000 0 und d |
| 040 ## - CATALOGING SOURCE |
| Transcribing agency |
SSBUL |
| 041 ## - LANGUAGE CODE |
| Language code of text/sound track or separate title |
bur |
| 082 ## - DEWEY DECIMAL CLASSIFICATION NUMBER |
| Classification number |
၁၃၅.၃ လင်း |
| Item number |
၉၇၅၄ S-SAT |
| 100 0# - MAIN ENTRY--PERSONAL NAME |
| Personal name |
လင်း၊ ဉီး၊ ပါဠိဆရာကြီး ။ |
| 9 (RLIN) |
54764 |
| 245 10 - TITLE STATEMENT |
| Title |
မဟာကောသလ၏ သောဠသအိပ်မက်ခန်း / |
| Statement of responsibility, etc. |
အဂ္ဂမဟာပဏ္ဌိတပါဠိဆရာကြီးဉီးလင်း ၊ဆရာခိုင် နှင့် ဆရာတင်။ |
| 250 ## - EDITION STATEMENT |
| Edition statement |
သတ္တမအကြိမ်။ |
| 260 ## - PUBLICATION, DISTRIBUTION, ETC. |
| Place of publication, distribution, etc. |
ရန်ကုန် ၊ |
| Name of publisher, distributor, etc. |
ပညာဝေပုလ္လပိဋကတ်စာအုပ်တိုက်၊ |
| Date of publication, distribution, etc. |
၁၉၈၁။ |
| 300 ## - PHYSICAL DESCRIPTION |
| Extent |
ဂ၊၁၀၀ စာမျက်နှာ ၊ |
| Other physical details |
ပုံများ၊ |
| Dimensions |
၁၉စင်တီ။ |
| 500 ## - GENERAL NOTE |
| General note |
S-SAT: Dr. Sai Aung Tun Collection |
| 650 ## - SUBJECT ADDED ENTRY--TOPICAL TERM |
| Topical term or geographic name entry element |
အိပ်မက် |
| 9 (RLIN) |
37737 |
| 700 0# - ADDED ENTRY--PERSONAL NAME |
| Personal name |
ခိုင်၊ ဆရာ။ |
| 9 (RLIN) |
50992 |
|
| Personal name |
တင်၊ ဆရာ။ |
| 9 (RLIN) |
50993 |
| 942 ## - ADDED ENTRY ELEMENTS (KOHA) |
| Source of classification or shelving scheme |
|
| Koha item type |
Book (Short term) |